मैंने काब? / (Record no. 120137)

MARC details
000 -LEADER
fixed length control field 01225nam a22002777a 4500
003 - CONTROL NUMBER IDENTIFIER
control field dpl
005 - DATE AND TIME OF LATEST TRANSACTION
control field 20190119115305.0
008 - FIXED-LENGTH DATA ELEMENTS--GENERAL INFORMATION
fixed length control field 190119b ||||| |||| 00| 0 eng d
010 ## - LIBRARY OF CONGRESS CONTROL NUMBER
LC control number B-198898
020 ## - INTERNATIONAL STANDARD BOOK NUMBER
Terms of availability 300.00
International Standard Book Number 8190140523
035 ## - SYSTEM CONTROL NUMBER
System control number B-198898, B-198923
037 ## - SOURCE OF ACQUISITION
Source of stock number/acquisition Cen Lib/Ret
040 ## - CATALOGING SOURCE
Original cataloging agency DPL
Language of cataloging HN
Transcribing agency 0
082 ## - DEWEY DECIMAL CLASSIFICATION NUMBER
Classification number 821
Item number अग्रवा
100 ## - MAIN ENTRY--PERSONAL NAME
Personal name अग्रवाल, संतोष
9 (RLIN) 88709
245 ## - TITLE STATEMENT
Title मैंने काब? /
Statement of responsibility, etc संतोष अग्रवाल
246 ## - VARYING FORM OF TITLE
Title proper/short title Maine kab? /
Remainder of title by Santosh Agarwal
260 ## - PUBLICATION, DISTRIBUTION, ETC. (IMPRINT)
Place of publication, distribution, etc दिल्ली
Name of publisher, distributor, etc अग्रदीप पब्लिशर्स
Date of publication, distribution, etc 2006
270 ## - ADDRESS
City बी-5/517, एकता विहार, सी.जी.एच.एस.लिमिटेड, 9, इन्द्रप्रस्थ एक्सटेंशन मार्ग
Address दिल्ली
Postal code 110092
300 ## - PHYSICAL DESCRIPTION
Extent x,125पृ. :
Dimensions 20सेमी(सजिल्द)
Other physical details सचित्र
650 ## - SUBJECT ADDED ENTRY--TOPICAL TERM
Topical term or geographic name as entry element हिन्दी -- साहित्य
9 (RLIN) 88710
650 ## - SUBJECT ADDED ENTRY--TOPICAL TERM
Topical term or geographic name as entry element हिन्दी -- काव्य
9 (RLIN) 779
650 ## - SUBJECT ADDED ENTRY--TOPICAL TERM
Topical term or geographic name as entry element Hindi literature
9 (RLIN) 88711
650 ## - SUBJECT ADDED ENTRY--TOPICAL TERM
Topical term or geographic name as entry element Hindi - Poetry
9 (RLIN) 88712
942 ## - ADDED ENTRY ELEMENTS (KOHA)
Source of classification or shelving scheme Dewey Decimal Classification
Koha item type Hindi Books
Classification part 821
Call number suffix अग्रवा
Holdings
Withdrawn status Lost status Damaged status Not for loan Home library Current library Date acquired Source of acquisition Cost, normal purchase price Total Checkouts Full call number Barcode Date last seen Copy number Cost, replacement price Price effective from Koha item type Source of classification or shelving scheme Collection code
        Central Library Central Library 21/09/2015 Cen Lib/Ret 300.00   821 अग्रवा B-198898 21/09/2015 1 300.00 21/09/2015 Hindi Books    
        Shahdara Branch Shahdara Branch 19/01/2019 BPPD/PUB 0.00   821 अग्रवा B-198923 19/01/2019   0.00 19/01/2019 Hindi Books Dewey Decimal Classification Non-fiction
        Yojana Vihar Yojana Vihar 25/07/2019 BPPD/PUB 300.00   821 अग्रवा B-198924 25/07/2019   300.00 25/07/2019 Hindi Books Dewey Decimal Classification Fiction

© Delhi Public Library
Hit Counter
free hit counter